| 000 | 01110nam a2200277 a 4500 | ||
|---|---|---|---|
| 005 | 20200104041544.0 | ||
| 008 | 140312b1999 mx ||||| |||| 00| 0 spa d | ||
| 040 |
_aCO-BoIAVH _cCO-BoIAVH |
||
| 041 | _aspa | ||
| 044 | _amx | ||
| 090 |
_aLB _b03570 |
||
| 245 |
_aDiplomado en manejo de vida silvestre _bconservación y manejo de vertebrados del norte árido y semiárido de México |
||
| 260 |
_aMéxico D. F. _bComisión Nacional para el Conocimiento y Uso de la Biodiversidad _bSecretaría de Medio Ambiente Recursos Naturales y Pesca _bDirección General de Vida Silvestre _bServicio de Pesca y Vida Silvestre de los Estados Unidos de América _bFacultad de Ciencias Forestales _c1999 |
||
| 300 | _a247 p. | ||
| 650 | _aFauna silvestre | ||
| 650 | _aConservación de fauna | ||
| 650 | _aUso sostenible | ||
| 650 | _aZonas áridas | ||
| 650 | _aManejo de fauna silvestre | ||
| 650 | _aRadiotelemetría | ||
| 662 | _aMéxico | ||
| 700 | _aSánchez , Oscar | ||
| 700 | _aVázquez Domínguez, Ella | ||
| 942 |
_cImpreso _2z |
||
| 945 | _d2004-05-14 | ||
| 999 |
_c3843 _d3843 |
||